000 01498cam a22004338a 4500
001 14267878
003 OSt
005 20140310181630.0
008 060216s2006 nyu bi 000 0 eng
010 _a 2006042322
020 _a9781403992741
020 _a1403992746
020 _a9781403992758 (pbk)
020 _a1403992754 (pbk.)
040 _aDLC
_cDLC
_dDLC
042 _apcc
043 _aa-cc---
050 0 0 _aDS 735
_b.R643 2006
082 0 0 _aTR 951
_bR54 2006
100 1 _aRoberts, J. A. G.,
_d1935-
_91680
245 1 2 _aA History of China /
_cJ.A.G. Roberts.
246 3 _aChina
250 _a2d ed.
260 _aNew York :
_bPalgrave Macmillan,
_c2006.
263 _a0608
300 _a355 p. :
_c22 cm.
440 0 _aPalgrave essential histories
_91681
500 _aIncludes bibliographical references and index.
521 _aFaculty
541 _j1
562 _eFor circulation. One copy available in the collection
650 _aChina
_xHistory.
_91682
856 4 2 _3Contributor biographical information
_uhttp://www.loc.gov/catdir/enhancements/fy0634/2006042322-b.html
856 4 2 _3Publisher description
_uhttp://www.loc.gov/catdir/enhancements/fy0634/2006042322-d.html
856 4 1 _3Table of contents only
_uhttp://www.loc.gov/catdir/enhancements/fy0634/2006042322-t.html
906 _a7
_brix
_corignew
_d1
_eocip
_f20
_gy-gencatlg
942 _2lcc
_cBK-TR
_kTR
999 _c467
_d467